<?xml version="1.0" encoding="UTF-8"?>
<record
    xmlns:xsi="http://www.w3.org/2001/XMLSchema-instance"
    xsi:schemaLocation="http://www.loc.gov/MARC21/slim http://www.loc.gov/standards/marcxml/schema/MARC21slim.xsd"
    xmlns="http://www.loc.gov/MARC21/slim">

  <leader>00320nac a2200097zu 4500</leader>
  <controlfield tag="008">260114s1982    mx a|||br|||| 001 0 spa d</controlfield>
  <datafield tag="245" ind1=" " ind2=" ">
    <subfield code="a">10 M&#xCD; PRIMER ENCICLOPEDIA</subfield>
    <subfield code="b">EL MUNDO M&#xC1;GICO DE LOS NI&#xD1;OS</subfield>
  </datafield>
  <datafield tag="260" ind1=" " ind2=" ">
    <subfield code="a">M&#xC9;XICO:</subfield>
    <subfield code="b">EDITORIAL DIANA</subfield>
    <subfield code="b">EDITORIAL ORIGEN</subfield>
    <subfield code="c">1982</subfield>
  </datafield>
  <datafield tag="300" ind1=" " ind2=" ">
    <subfield code="a">136 p&#xE1;ginas;</subfield>
    <subfield code="c">26.5 X 17.8 cm</subfield>
  </datafield>
  <datafield tag="942" ind1=" " ind2=" ">
    <subfield code="2">ddc</subfield>
    <subfield code="c">BKN</subfield>
  </datafield>
  <datafield tag="952" ind1=" " ind2=" ">
    <subfield code="0">1</subfield>
    <subfield code="1">0</subfield>
    <subfield code="2">ddc</subfield>
    <subfield code="4">0</subfield>
    <subfield code="6">IC_036_000000000000000_M56</subfield>
    <subfield code="7">1</subfield>
    <subfield code="8">GINFANTIL</subfield>
    <subfield code="9">121918</subfield>
    <subfield code="a">BPCEFC</subfield>
    <subfield code="b">BPCEFC</subfield>
    <subfield code="d">2026-01-14</subfield>
    <subfield code="e">DONADO</subfield>
    <subfield code="l">0</subfield>
    <subfield code="o">IC/036/M56 </subfield>
    <subfield code="r">2026-01-14 21:43:55</subfield>
    <subfield code="t">EJ. 1</subfield>
    <subfield code="w">2026-01-14</subfield>
    <subfield code="y">BKN</subfield>
  </datafield>
  <datafield tag="999" ind1=" " ind2=" ">
    <subfield code="c">68484</subfield>
    <subfield code="d">68484</subfield>
  </datafield>
</record>
